[Event "Tournoi ouvert de Gatineau (Section -1500)"]
[Site "Gatineau"]
[Date "2014.03.02"]
[Round "4"]
[White "Demchenko,Svitlana"]
[Black "Menard,Marc"]
[Result "1-0"]
[BlackElo "1456"]
[WhiteElo "1369"]

1. e4 d5 2. exd5 Nf6 3. d4 Nxd5 4. c4 Nb6 5. Nc3 g6 6. Be3 Bg7 7. h3 e6 8. Nf3
Nc6 9. Be2 O-O 10. O-O Re8 11. Qd2 Ne7 12. Bh6 Bxh6 13. Qxh6 Nf5 14. Qf4 c6 15.
Rad1 a5 16. Ne4 Kg7 17. Ne5 Nd7 18. g4 Qh4 19. Nf3 Qh6 20. Nfg5 f6 21. gxf5
fxg5 22. f6+ Kh8 23. Nxg5 Qf8 24. f7 Re7 25. Bg4 h6 26. Nxe6 Qxf7 27. Qxh6+ Qh7
28. Qxh7+ Rxh7 29. Ng5 Re7 30. Rfe1 Rxe1+ 31. Rxe1 Nf6 32. Bxc8 Rxc8 33. Re6
Rf8 34. Kg2 Nh5 35. Re4 Nf4+ 36. Kg3 Nh5+ 37. Kg2 Nf4+ 38. Kf1 Nd3 39. Re2 Kg8
40. Rd2 Nf4 41. b3 Rf5 42. h4 a4 43. Rc2 Nd3 44. bxa4 Ra5 45. Rc3 Nf4 46. Rf3
Rf5 47. a3 b6 48. Re3 Kf8 49. Ne6+ Nxe6 50. Rxe6 Rf4 51. Rxg6 Rxh4 52. Rxc6
Rxd4 53. Ke2 Ke8 54. Ke3 Rh4 55. f3 Kd7 56. Rxb6 Rxc4 57. Rb4 Rc3+ 58. Ke4 Rxa3
59. f4 Ra1 60. Ke5 Ke7 61. f5 Re1+ 62. Re4 Rf1 63. Rc4 Re1+ 64. Kf4 Rf1+ 65.
Kg5 Rg1+ 66. Rg4 Rf1 67. Kg6 Rf2 68. Re4+ Kf8 69. Kf6 Rc2 70. a5 Rc5 71. Ra4
Rc6+ 72. Ke5 Ra6 73. Kd5 Kf7 74. Kc5 Kf6 75. Kb5 Ra8 76. Rf4 Rb8+ 77. Kc6 Ra8
78. Kb6 Rb8+ 79. Ka7 Rb5 80. a6 Kf7 81. Ka8 Kf6 82. a7 Kf7 83. Rh4 Kf6 84. Rh8
Rb1 85. Rb8 Rd1 86. Rb5 Rd8+ 87. Kb7 Rd7+ 88. Kb6 Rd6+ 89. Kc7 1-0

[Event "Tournoi ouvert de Gatineau (Section -1500)"]
[Site "Gatineau"]
[Date "2014.03.02"]
[Round "4"]
[White "Latreille,Etienne"]
[Black "Mikhaylov,Dmitry"]
[Result "1-0"]
[BlackElo "1137"]
[WhiteElo "1426"]

1.d4 d5 2.Nc3 Nf6 3.Bg5 Nc6 4.Bxf6 gxf6 5.f3 Be6 6.Qd2 h5 7.e3 Qd7 8.O-O-O
O-O-O 9.Kb1 Bf5 10.Bd3 e5 11.e4 Bh6 12.Qf2 exd4 13.Nxd5 Be6 14.Bc4 Bxd5
15.Bxd5 Be3 16.Qe2 f5 17.Qc4 Rh6 18.Qb3 Na5 19.Qa3 Qb5 20.Qe7 Rb6 21.b3 Re8
22.Qxf7 Nxb3 23.cxb3 fxe4 24.Qf5+ Kb8 25.Bxe4
{ Incapable de reconstituer la partie. } 1-0

[Event "Tournoi ouvert de Gatineau (Section -1500)"]
[Site "Gatineau"]
[Date "2014.03.02"]
[Round "4"]
[White "Poirier,Alexis"]
[Black "Tsypin,Allison"]
[Result "0-1"]
[BlackElo "1300"]
[WhiteElo "1389"]

1.e4 e5 2.Nf3 Nc6 3.Bb5 a6 4.Ba4 Nf6 5.O-O Be7 6.Re1 b5 7.Bb3 d6 8.c3 O-O
9.d4 Bg4 10.d5 Na5 11.Bc2 Nc4 12.Nbd2 Nb6 13.Nf1 Qd7 14.Ng3 g6 15.Bh6 Rfe8
16.h3 Bh5 17.Nf1 Bxf3 18.Qxf3 Nh5 19.Nd2 Bf8 20.Be3 Bg7 21.Rac1 Rf8 22.Bd3
Bh8 23.c4 Ng7 24.Qe2 f5 25.Bxb6 cxb6 26.cxb5 fxe4 27.Nxe4 Nf5 28.bxa6 Nd4
29.Qe3 Rf4 30.Rc3 Raf8 31.Rec1 Qe7 32.Rc7 Qh4 33.g3 Qxh3 34.Ng5 Qg4 35.Nxh7
Nf3+ 36.Kg2 Nh4+ 37.Kf1 Rxf2+ 38.Qxf2 Rxf2+ 39.Kxf2 Qf3+ 40.Ke1 Ng2+ 41.Kd2
Qe3+ 42.Kc2 e4 43.Bb5 Qf2+ 44.Kd1 Ne3# 0-1

[Event "Tournoi ouvert de Gatineau (Section -1500)"]
[Site "Gatineau"]
[Date "2014.03.02"]
[Round "4"]
[White "Raymond,Robert"]
[Black "Ethier,Valori"]
[Result "1-0"]
[BlackElo "1376"]
[WhiteElo "1348"]

{B10: Caro-Kann: 2 d3 and 2 c4} 1. e4 c6 2. d3 d5 3. Nd2 Nf6 4. g3 g6 5. Bg2
Bg7 6. Qe2 (6. Ngf3 Bg4 7. h3 Bxf3 8. Qxf3 e6 9. O-O O-O 10. Qe2 a5 11. e5 Nfd7
12. f4 a4 13. Nf3 a3 14. bxa3 Re8 15. Rb1 Qc7 16. h4 Bf8 17. h5 Bxa3 18. hxg6
hxg6 19. Bxa3 Rxa3 20. Nh4 b5 {Weinzettl,E (2285)-Lechtynsky,J (2440)/Hartberg
1991/EXT 1997/1-0 (51)}) 6... Bg4 $146 {Diagram # Black threatens to win
material: Bg4xe2} (6... O-O 7. Ngf3 (7. e5 Ng4 8. d4 h5 9. Nb3 Bf5 10. Bf4 a5
11. Qd2 a4 12. Nc1 f6 13. h3 Nxf2 14. Qxf2 g5 15. exf6 Rxf6 16. Be5 Rf7 17.
Bxg7 Kxg7 18. Qe3 Bxc2 19. Qxg5+ Bg6 20. Nf3 Qa5+ 21. Qd2 Qc7 {Lugo Sanchez,M 
(2060)-Castillo,N/Santo Domingo 2010/EXT 2012/1-0}) 7... dxe4 8. Nxe4 Nxe4 9.
Qxe4 Nd7 10. O-O Nf6 11. Qh4 Bg4 12. Re1 Re8 13. Ne5 Be6 14. Bh6 Bh8 15. Rad1
Qa5 16. a4 Rad8 17. Re2 Nd7 18. Bd2 Qb6 19. Nf3 Bf6 20. Ng5 Nf8 21. Bc3 {
Khavin,A-Goldberg,G/Kiev 1940/HCL/1-0 (76)}) (6... Qb6 7. Ngf3 Bg4 8. O-O e6 9.
c3 O-O 10. h3 Bxf3 11. Nxf3 dxe4 12. dxe4 Na6 13. Nd2 Nc5 14. b3 Rfd8 15. Nc4
Qa6 16. Qc2 b5 17. Nb2 e5 18. Be3 Ne6 19. Nd3 Ne8 20. Rfd1 Qb7 21. Rd2 {
Stuchly,R (1975)-Petrzela,P (1880)/Morava 1997/EXT 1999/1-0 (71)}) 7. f3 {
White threatens to win material: f3xg4} Bc8 8. f4 O-O 9. Ngf3 Bg4 10. O-O Na6
11. c3 {Secures b4} Qd7 12. Qe3 Bh3 13. e5 {This push gains space} Bxg2 (13...
Ng4 14. Qe2 Nh6 15. Bxh3 Qxh3 16. b4 $11) 14. Kxg2 (14. exf6 Bxf1 15. fxg7 Kxg7
16. Nxf1 f6 $14) 14... Ng4 $11 {Black threatens to win material: Ng4xe3} 15.
Qe2 Nh6 16. Ng5 e6 17. Ndf3 Nf5 {Black plans d4} 18. Nd2 d4 (18...
c5 19. a4 $11) 19. Nde4 $14 Rad8 20. Rd1 c5 21. c4 Qc6 22. Kg1 b6 23. Rb1 Nb4 (
23... h6 24. Nf3 $14) 24. a3 $16 Na6 25. b4 Qc7 26. b5 Nb8 27. Ra1 a6 28. a4
axb5 (28... Nd7 29. g4 Ne3 30. Bxe3 dxe3 31. Qxe3 $14) 29. axb5 $16 Nd7 30. Bd2
Ra8 31. Rxa8 Rxa8 32. Rc1 (32. g4 $5 {is noteworthy} Nh6 33. Be1 $14) 32... Ra2
$11 33. Qe1 Qa7 34. Qd1 (34. g4 $142 $5 {and White can hope to live} h6 35.
Nxf7 Kxf7 36. gxf5 gxf5 37. Nd6+ Kg8 38. Rd1 $11) 34... Qa3 $17 35. Rc2 $4 {
leads to further unpleasantness} (35. Nf2 $142 Bxe5 36. Rc2 $17) 35... Qb3 $19
36. Rc1 Qb2 (36... Qxd3 $142 {and the result of the game is clear: Black will
win} 37. Qf1 Rxd2 38. Nxd2 Qxd2 $19) 37. Rb1 {White threatens to win material:
Rb1xb2} Qa3 {Black threatens to win material: Qa3xd3} 38. Bc1 Qc3 $4 {throws
away a nice position} (38... Qa8 $142 $15 {was possible}) 39. Nxc3 $18 dxc3 40.
Qb3 Re2 (40... Ra7 {does not win a prize} 41. Qxc3 Ra8 42. Ra1 $18) 41. Qxc3
Nd4 42. Kf1 (42. Qa3 $5 {makes it even easier for White} Re1+ 43. Kg2 h6 $18)
42... Rxh2 (42... Ra2 {does not help much} 43. Rb2 Ra7 44. Kg2 $18) 43. Kg1 (
43. Qa1 $142 {and White has prevailed} h6 44. Ne4 f5 45. exf6 Nxf6 46. Qa8+ Kh7
47. Nxf6+ Bxf6 48. Qb7+ Bg7 $18) 43... Ne2+ 44. Kxh2 Nxc3 45. Rb3 (45. Ra1 $142
{and White wins} h6 46. Ra8+ Nf8 $18) 45... Ne2 46. Be3 f6 47. exf6 Bxf6 48.
Nxe6 Bc3 (48... Kf7 {does not save the day} 49. Nc7 $18) 49. Ra3 Nf6 (49... Kf7
{is not the saving move} 50. Ng5+ Ke7 51. Ra2 $18) 50. Kh3 (50. Bxc5 {and
White can already relax} Ba5 51. Bxb6 Bxb6 $18) 50... Nh5 (50... Kf7 {does not
improve anything} 51. Ng5+ Ke8 52. Ra8+ Kd7 53. Ra2 $18) 51. Ra8+ (51. Bxc5 Kf7
52. Ng5+ Kg8 53. Ra8+ Kg7 54. Bxb6 Nhxf4+ 55. gxf4 Nxf4+ 56. Kg3 Nxd3 57. Ra7+
Kf8 58. Rxh7 Kg8 $18) 51... Kf7 52. Ng5+ (52. Nxc5 {keeps an even firmer grip}
Nexg3 53. Ra7+ Ke8 $18) 52... Kg7 (52... Ke7 {cannot change what is in store
for ?} 53. Ra6 Nexg3 54. Rxb6 $18) 53. Ra7+ Kg8 54. Ne4 Bg7 (54... Bb4 {
doesn't change the outcome of the game} 55. Ra6 Be1 56. Rxb6 Bxg3 57. Rb8+ Kf7
58. Nxg3 Nhxg3 59. b6 $18) 55. Rb7 Bh6 (55... Bd4 {is no salvation} 56. Bxd4
cxd4 57. Kg4 $18) 56. Rxb6 Nexf4+ 57. gxf4 Bxf4 58. Bxf4 Nxf4+ 59. Kg4 (59. Kh2
g5 60. Rd6 g4 61. b6 g3+ 62. Nxg3 Kf8 63. b7 Ke7 64. b8=Q Ne6 65. Ra6 h5 66.
Qe5 Kd7 67. Rxe6 h4 68. Re7+ Kd8 69. Qc7#) 59... Nxd3 60. Nf6+ (60. Re6 h5+ 61.
Kg5 Kf7 62. Rf6+ Ke7 63. b6 Ne5 64. Nxc5 Nd7 65. Nxd7 Kxd7 66. c5 h4 67. Rd6+
Kc8 68. c6 h3 69. Kf6 h2 70. Ke7 h1=Q 71. Rd8#) 60... Kg7 61. Nd7 Nb2 62. Nxc5
(62. Ne5 Kf8 63. Rb8+ Ke7 64. b6 Kd6 65. Kf4 g5+ 66. Kf5 Nxc4 67. Rd8+ Ke7 68.
Nc6+ Kf7 69. Rd7+ Ke8 70. Ke6 Kf8 71. Kf6 Nd6 72. Rxd6 h6 73. Rd8#) 62... Nxc4
63. Rb7+ (63. Re6 $142 $18 {might be the shorter path}) 63... Kh6 (63... Kf6 {
is still a small chance} 64. Rxh7 Ke5 $18) 64. Rb8 (64. b6 Ne5+ 65. Kf4 Nc4 66.
Rxh7+ Kxh7 67. b7 Kh6 68. b8=Q g5+ 69. Kg3 Kh7 70. Qb7+ Kh6 71. Qe7 Kg6 72.
Qe6+ Kg7 73. Qf5 Ne5 74. Ne6+ Kh6 75. Qf6+ Ng6 76. Qg7+ Kh5 77. Qh7#) 64...
Ne3+ 65. Kf4 Nd5+ 66. Ke4 Nc3+ 67. Kd4 Nxb5+ 68. Rxb5 g5 (68... Kg5 {hardly
improves anything} 69. Nd7+ Kf4 70. Nf8 Kf3 71. Nxh7 g5 72. Nxg5+ Kf4 73. Ne6+
Kf3 74. Rf5+ Ke2 75. Kc3 Ke3 76. Ng5 Ke2 77. Rf3 Kd1 78. Re3 Kc1 79. Re1#) 69.
Ne4 g4 (69... Kg6 {cannot undo what has already been done} 70. Ke5 Kh5 71. Kf5
Kh4 72. Rb3 g4 73. Ra3 g3 74. Ng5 Kh5 75. Nf3 g2 76. Ng1 Kh6 77. Rg3 Kh5 78.
Rh3#) 70. Rg5 g3 71. Rxg3 Kh5 72. Ke3 Kh4 73. Kf3 (73. Kf4 h5 74. Rg2 Kh3 75.
Kf3 Kh4 76. Rh2#) 73... h5 (73... Kh5 {doesn't change anything anymore} 74. Rg4
Kh6 75. Nd6 Kh5 76. Nf5 h6 77. Ng3#) 74. Rg1 1-0

[Event "Tournoi ouvert de Gatineau (Section -1500)"]
[Site "Gatineau"]
[Date "2014.03.02"]
[Round "4"]
[White "Simard,Paul"]
[Black "Ketata,Nabil"]
[Result "1-0"]
[BlackElo "1115"]
[WhiteElo "1286"]

{ B07: Défense Pirc } 1.e4 d6 2.Nf3 { dernier coup de la bibliothèque }
2...h6 { Couvre g5 } ( 2...Nf6 3.Nc3 $16 ) 3.Bc4 ( 3.Nc3 g5 $16 ) 3...e6
{ Sécurise d5 } 4.d4 ( 4.Nc3 Nf6 $16 ) 4...a6 { Contrôle b5 } ( 4...Nf6 5.Nc3
$16 ) 5.Nc3 b5 6.Bb3 ( 6.Bd3 Bb7 $16 ) 6...Be7 ( 6...Nf6 7.O-O Be7 8.Qe2 $16
) 7.Be3 ( 7.e5 Bb7 8.Qe2 Nd7 $16 ) 7...Nc6 ( 7...Nf6 8.d5 $16 ) 8.a3
{ Les Noirs ont un
retard de développement } ( 8.d5 $142 $5 Na5 9.dxe6 fxe6 10.Nd4 Nxb3 11.axb3
$16 ( 11.cxb3 $6 Nf6 $14 ) ( 11.Nxb3 $6 Nf6 $11 ) ) 8...Na5
{ Les Noirs ont une
position difficile } 9.Ba2 c6 { Consolide d5 } ( 9...Nf6 10.d5 $14 ) 10.Qd2
( 10.e5 d5 $16 ) 10...Nc4 11.Bxc4 bxc4 12.O-O-O ( 12.O-O $142 $5 $16 )
12...Rb8 $11 { Les Noirs ont un retard de développement. } 13.g4 ( 13.e5 $142
Qb6 14.Na4 $11 ) 13...e5 $4
{ il y avait de meilleurs moyens pour maintenir la pression. } ( 13...Qb6
14.Qe2 Nf6 15.Qxc4 Qxb2+ 16.Kd2 $17 ) 14.d5 $4
{ ruine une
position pourtant supérieure. } ( 14.dxe5 $142 { donne un net avantage. }
14...Bxg4 15.Qe2 $18 ) 14...Bxg4 $19 15.Qe2 c5 ( 15...Qc8 $5 16.Rhg1 Nf6 $19
) 16.Rhg1 $15 { Les Blancs menacent un gain matériel: Tg1xg4 } 16...Bh5
17.Rxg7 Bf6 { Les Noirs
menacent un gain matériel: Ff6xg7 } ( 17...Qb6 18.Kd2 Qb7 $15 ( 18...Qxb2
$143 19.Rb1 Qxc3+ 20.Kxc3 Rxb1 21.Bxc5 dxc5 22.Qe3 $14 ( 22.Kxc4 $143 Nf6 $15
) ) ) 18.Rg3 $16 Qb6 ( 18...Bh4 19.Rh3 Bg4 20.Qf1 Bxh3 21.Qxh3 $16 ) 19.Kd2
Qxb2 $4 { mène à de graves problèmes.. } ( 19...Bg5 $142 $16 ) 20.Rb1 $18
Bxf3 ( 20...Qxb1 { n'améliore rien. } 21.Nxb1 Rxb1 22.Qxc4 $18 ) 21.Rxf3 ( 
21.Rxb2 $142 { est encore plus facile pour les Blancs. } 21...Bxe2 22.Rxb8+
Bd8 23.Kxe2 $18 ) 21...Qxa3 ( 21...Qxc3+
{ la dernière chance de contre-jeu. } 22.Kxc3 Rxb1 23.Qxc4 Rb7 24.Qxa6 Rd7
$18 ) 22.Rxb8+ Bd8 23.Qxc4 ( 23.Rxf7 Qc1+ 24.Kxc1 Kxf7 25.Qh5+ Kf6 26.Rxd8
Ne7 27.Rxh8 Nxd5 28.Rh7 Nxe3 29.Qxh6# ) 23...Qa5 24.Ra8 f6 25.Rxa6 Qc7 26.Ra8
( 26.Nb5 Qd7 27.Nxd6+ Kf8 $18 ) 26...Rh7 27.Qb5+ ( 27.Rg3 $142
{ semble mieux. } 27...Ne7 28.Qa4+ Kf7 29.Nb5 $18 ) 27...Rd7 28.Rg3 Kf7
29.Na4 ( 29.Qe2 Kf8 30.Qg4 Rg7 31.Rxd8+ Qxd8 32.Qxg7+ Ke8 33.Qxg8+ Kd7
34.Rg7+ Kc8 35.Qf7 Qb6 36.Qd7+ Kb8 37.Qe8+ Qd8 38.Qxd8# ) 29...Qb7 30.Qxb7
Rxb7 31.Rxd8 Ne7 32.Rxd6 ( 32.Rh8 Rb4 33.Rh7+ Kf8 34.Rgg7 Ng6 35.Rxg6 Rb2
36.Bxh6+ Ke8 37.Rg8# ) 32...f5 33.Rf3 ( 33.Bxh6 Ng8 34.Rg7+ Ke8 35.Rxg8+ Kf7
36.Rdg6 fxe4 37.R6g7+ Kf6 38.Rf8+ Rf7 39.Rfxf7# ) 33...f4 34.Ke2 ( 34.Nxc5
Rb4 35.Bxf4 Rd4+ 36.Ke3 exf4+ 37.Rxf4+ Kg7 38.Kxd4 Nf5+ 39.Rxf5 h5 40.Ne6+
Kg6 41.Nf4+ Kh7 42.Rg6 h4 43.Rh5# ) 34...Nc8 35.Nxc5 ( 35.Rxh6 $142
{ et les Blancs peuvent se relaxer. } 35...Ra7 36.Nxc5 $18 ) 35...Rb2 36.Rxh6
Rxc2+ ( 36...Ke8 { ne change pas la suite de la partie. } 37.Rfh3 Rxc2+
38.Kd3 Ke7 39.Rh7+ Kf8 40.Ne6+ Ke8 41.Rh8+ Ke7 42.R3h7+ Kf6 43.Rf8+ Kg6
44.Rg7+ Kh5 45.Rh8# ) 37.Kd3 Ra2 ( 37...Kg7 { n'est pas le coup salvateur. }
38.Rfh3 Re2 39.Rh7+ Kg6 40.R3h6+ Kg5 41.Ne6+ Kg4 42.Rg6+ Kf3 43.Rh3# )
38.Bxf4 $1 { Menace de mat } 38...Ra3+ ( 38...exf4 39.Rxf4+ Ke7 ( 39...Ke8
40.Rh8+ { Fourchette } ) ( 39...Kg7 40.Rff6 { Combination } ) ( 39...Kg8
40.Ne6 { Attaque de mat } ) 40.Re6+ { Attaque de mat } ) ( 38...-- $140
39.Bc1+ { Menace de mat } ) 39.Ke2 exf4 ( 39...Rxf3
{ ne peut pas changer le cours des choses pour ?. } 40.Kxf3 Nd6 41.Rxd6 Ke8
42.Rd7 Kf8 43.d6 Kg8 44.Re7 Kf8 45.Ne6+ Kg8 46.d7 exf4 47.d8=Q# ) 40.Rxa3 f3+
( 40...Ke7 { un essai stérile qui ne modifie pas le cours de la
partie. } 41.d6+ $1 { Attaque de mat } 41...Kf8 42.d7 f3+ 43.Rxf3+ Kg7
44.Rff6 Kg8 45.dxc8=Q+ Kg7 46.Ne6# ) 41.Kxf3 ( 41.Rxf3+ Ke8 42.Re6+ Kd8
43.Rf8+ Kc7 44.Rc6+ Kb8 45.Rfxc8+ Ka7 46.Ra6# ) 41...Kg7 42.Raa6 Ne7 ( 
42...Kf8 { n'est pas
d'une grande aide. } 43.Rh8+ Kf7 44.Rxc8 Ke7 45.Rc7+ Kd8 46.Raa7 Ke8 47.Ra8#
) 43.Rhb6 ( 43.Raf6 Ng6 44.Rhxg6+ Kh8 45.d6 Kh7 46.Rg1 Kh8 47.Rh6# ) 43...Kf7
( 43...Kh8 { ne change rien. } 44.Ra7 Ng8 45.d6 Nf6 46.Rb8+ Ng8 47.d7 Kg7
48.Rxg8+ Kf6 49.d8=Q+ Ke5 50.Re8# ) 44.Rb7 Ke8 45.Re6 Kf7 46.Rexe7+ ( 46.d6
Kg7 47.dxe7 Kf7 48.e8=Q# ) 46...Kf8 ( 46...Kg6 { ne rattrape rien. } 47.Kg4
Kf6 48.Re6# ) 47.Rec7 Ke8 48.Rb8# 1-0

[Event "Tournoi ouvert de Gatineau (Section -1500)"]
[Site "Gatineau"]
[Date "2014.03.02"]
[Round "4"]
[White "Pellerin-Leclerc,Jonathan"]
[Black "Dupont-Mageau,Nicolas"]
[Result "1/2-1/2"]
[BlackElo "1070"]
[WhiteElo "1267"]

1.e4 e5 2.Nf3 Nc6 3.c3 Nf6 4.d4 exd4 5.cxd4 Nxe4 6.d5 Bb4+ 7.Bd2 Bxd2+
8.Nbxd2 Qe7 9.Qe2 Nxd2 10.Qxe7+ Nxe7 11.Nxd2 Nxd5 12.Bc4 Nb6 13.Rc1 d5 14.Bd3
c6 15.b4 a6 16.Nb3 O-O 17.O-O Re8 18.Rfe1 Bd7 19.Nc5 Rab8 20.a4 Be6 21.b5 a5
22.bxc6 bxc6 23.Nxe6 Rxe6 24.Rxe6 fxe6 25.Rxc6 Nxa4 26.f4 h6 27.Bc2 Rb4
28.Rxe6 Nc3 29.Bg6 Rxf4 30.Re8+ Rf8 31.Bh7+ Kf7 1/2-1/2

[Event "Tournoi ouvert de Gatineau (Section -1500)"]
[Site "Gatineau"]
[Date "2014.03.02"]
[Round "4"]
[White "Poirier,Damien"]
[Black "Legare,Gilles"]
[Result "0-1"]
[BlackElo "1115"]
[WhiteElo "1077"]

1. d4 Nf6 2. Nf3 d5 3. e4 dxe4 4. Ng5 h6 5. Nh3 e6 6. Nc3 c5 7. Be3 b6 8. Bb5+
Bd7 9. Bc4 Be7 10. d5 Nxd5 11. Nxd5 b5 12. Bb3 c4 13. Bxc4 bxc4 14. Nc3 Bb4 15.
O-O O-O 16. f3 Bxc3 17. fxe4 Bf6 18. Nf4 Bxb2 19. Rb1 Bf6 20. Nh5 Bg5 21. Qd4
Bxe3+ 22. Qxe3 Qg5 23. Qxg5 hxg5 24. Rf3 e5 25. Rbf1 Bg4 26. Rg3 Bxh5 27. Rxg5
Bg6 28. Rxe5 Nc6 29. Rc5 Bxe4 30. Rxc4 Bd5 31. Rc5 Rad8 32. c4 Be4 33. a4 Rd2
34. Rf4 Rxg2+ 35. Kf1 Rxh2 36. Rxe4 Rd8 37. Ke1 Nd4 38. Rd5 Nc2+ 39. Kd1 Rb8
40. Kc1 Nb4 41. Rb5 Na2+ 42. Kd1 Nc3+ 43. Kc1 Nxb5 44. axb5 f5 45. Rf4 g5 46.
Rd4 Re8 47. Kd1 Kg7 48. c5 Re3 49. Rd2 Rh1+ 50. Kc2 Ree1 51. Kd3 Rh3+ 52. Kd4
Rh4+ 53. Kd5 Rh8 54. Kd6 Rd8+ 55. Kc7 Rxd2 56. Kb7 Ra2 57. b6 axb6 58. c6 Rc2 0-1

[Event "Tournoi ouvert de Gatineau (Section -1500)"]
[Site "Gatineau"]
[Date "2014.03.02"]
[Round "4"]
[White "Ouimet,Alain H."]
[Black "Gunn,Richard"]
[Result "0-1"]
[BlackElo "1206"]
[WhiteElo "1350"]

1. d4 d5 2. c4 Nf6 3. Nf3 e6 4. Nc3 c6 5. e3 Nbd7 6. Qc2 Be7 7. Be2 O-O 8. a3
Qc7 9. e4 dxe4 10. Nxe4 Nxe4 11. Qxe4 Nf6 12. Qc2 c5 13. Be3 Ng4 14. h3 Nxe3
15. fxe3 Qg3+ 16. Kd2 cxd4 17. Nxd4 Rd8 18. Bd3 e5 19. Ne2 Qg6 20. Kc3 Rxd3+
21. Qxd3 e4 22. Qd2 b5 23. Kc2 bxc4 24. Rad1 Qb6 25. Nc3 Rb8 26. Rb1 Bf5 27.
Nd5 Qb3+ 28. Kc1 Bc5 29. Qc3 Qb7 30. Rd1 Be6 31. Nf4 Bf5 32. g4 Bd7 33. Nh5 Bf8
34. Rd4 Bc6 35. Kc2 Qe7 36. Rbd1 Rb3 37. Qa5 Rxe3 38. Rd8 Rd3 39. Nf4 Rxd1 40.
Rxd1 Qh4 41. Rd2 e3 42. Re2 Qf2 43. Qe5 Qf3 44. Qxe3 Qxe3 45. Rxe3 Bd7 46. Kc3
Bb5 47. Nd5 g6 48. Nc7 Bg7+ 49. Kc2 Bc6 50. Na6 Ba4+ 51. Kc1 Bh6 52. Kd2 Bxe3+
53. Kxe3 Bc2 54. Nc5 f5 55. g5 Kf7 56. Kf4 Ke7 57. Ke5 Kd8 58. Kd6 f4 59. Ne6+
Kc8 60. Nxf4 Kb7 61. Kc5 Bb3 62. Ne6 c3 63. bxc3 Bxe6 64. h4 Kc7 65. c4 a6 66.
a4 Bd7 67. a5 Be6 68. Kd4 Kc6 69. Ke5 Bxc4 70. Kf6 Kb5 71. Kg7 Kxa5 72. Kxh7
Bd5 73. Kh6 Kb6 74. h5 gxh5 75. Kxh5 a5 0-1

[Event "Tournoi ouvert de Gatineau (Section -1500)"]
[Site "Gatineau"]
[Date "2014.03.02"]
[Round "5"]
[White "Menard,Marc"]
[Black "Ouimet,Alain H."]
[Result "1/2-1/2"]
[BlackElo "1350"]
[WhiteElo "1456"]

1. e4 d6 2. d4 Nf6 3. Nc3 c6 4. Nf3 Bg4 5. Be2 g6 6. O-O Bg7 7. h3 Bd7 8. Bf4
O-O 9. Qd2 Nh5 10. Bh6 f5 11. Bxg7 Kxg7 12. e5 f4 13. Ne4 d5 14. Nc5 Bc8 15.
Ng5 Qb6 16. Nce6+ Kg8 17. Nxf8 Kxf8 18. Bxh5 Bf5 19. Qxf4 Ke8 20. g4 Bxc2 21.
Qf7+ Kd7 22. e6+ Kc8 23. Qxe7 Qd8 24. Qxd8+ Kxd8 25. Rfe1 Ke7 26. Nxh7 gxh5 27.
Ng5 Na6 28. f4 Nc7 29. f5 Ne8 30. Rf1 Nf6 31. Rf4 Rg8 32. Nf3 hxg4 33. hxg4
Nxg4 34. Kf1 Bd3+ 35. Ke1 Be4 36. Ne5 Ne3 37. Ke2 Nxf5 38. Raf1 Nxd4+ 39. Ke3
Nf5+ 40. Rxf5 Rg3+ 41. Kd4 Bxf5 42. Rxf5 Kxe6 43. Rf3 Rg2 44. Nd3 b6 45. a4
Rg4+ 46. Rf4 c5+ 47. Kc3 Rg3 48. Kc2 a5 49. Rh4 Kd7 50. Rh5 Kd6 51. Rh6+ Kc7
52. Rh7+ Kc6 53. Ne5+ Kd6 54. Rh6+ Kxe5 55. Rxb6 Kd4 56. Rb5 Rg2+ 57. Kb1 Rg1+
58. Ka2 Rg2 59. Rxa5 c4 1/2-1/2

[Event "Tournoi ouvert de Gatineau (Section -1500)"]
[Site "Gatineau"]
[Date "2014.03.02"]
[Round "5"]
[White "Legare,Gilles"]
[Black "Latreille,Etienne"]
[Result "0-1"]
[BlackElo "1426"]
[WhiteElo "1115"]

1. e4 e5 2. Nc3 Bb4 3. a3 Bxc3 4. dxc3 d6 5. Nf3 h6 6. Bc4 Nf6 7. Bd3 Bg4 8. h3
Bh5 9. Qe2 Qd7 10. Be3 Nc6 11. g4 Bg6 12. Nh4 Bh7 13. Nf5 Bxf5 14. gxf5 d5 15.
Qf3 d4 16. cxd4 exd4 17. Bf4 O-O-O 18. O-O Rhg8 19. e5 g5 20. fxg6 Nd5 21. Bxh6
Nxe5 22. Qf5 Nxg6 23. Qxd7+ Kxd7 24. Bf5+ Kd6 25. Bg4 Nh4 26. Kh2 Nf6 27. Bf4+
Kc6 28. b4 Nxg4+ 29. hxg4 Rxg4 30. Bg3 Nf5 31. Rg1 Nxg3 32. fxg3 Re8 33. Kh3
Rgg8 34. Kg2 Re2+ 35. Kf3 Rxc2 36. Rac1 Rxc1 37. Rxc1+ Kd6 38. Rc4 c6 39. Rxd4+
Kc7 40. Rc4 Rd8 41. Rc3 b5 42. Re3 Rd7 43. g4 Kb6 44. g5 a5 45. bxa5+ Kxa5 46.
Kg4 b4 47. axb4+ Kxb4 48. Kf4 c5 49. Re8 Rb7 50. Ke5 c4 51. Rc8 c3 52. Kd4 Rd7+
53. Ke5 Kb3 54. g6 fxg6 55. Ke6 c2 56. Kxd7 g5 57. Rb8+ Kc3 58. Ke6 g4 59. Rg8
Kd2 60. Rd8+ Kc1 61. Rg8 Kb2 62. Rb8+ Kc1 63. Rg8 Kd2 64. Rd8+ Ke2 65. Rc8 Kd3
66. Rd8+ Ke4 67. Rc8 Kd3 68. Ke5 g3 69. Rd8+ Ke3 70. Rc8 g2 71. Rxc2 g1=Q 72.
Rc3+ Kd2 73. Ra3 Qh2+ 74. Kd4 Qd6+ 0-1

[Event "Tournoi ouvert de Gatineau (Section -1500)"]
[Site "Gatineau"]
[Date "2014.03.02"]
[Round "5"]
[White "Dupont-Mageau,Nicolas"]
[Black "Poirier,Alexis"]
[Result "0-1"]
[BlackElo "1389"]
[WhiteElo "1070"]

1.d4 Nf6 2.c4 g6 3.Nc3 Bg7 4.e4 d6 5.Nf3 O-O 6.h3 e5 7.d5 Nbd7 8.Be3 Ne8
9.Qd2 f5 10.Bh6 f4 11.Bxg7 Kxg7 12.h4 Nef6 13.Ng5 Nc5 14.b4 Na6 15.Na4 h6
16.b5 Nb8 17.Ne6+ Bxe6 18.dxe6 Qe7 19.Nc3 Qxe6 20.Nd5 Nxd5 21.Qxd5 Qxd5
22.cxd5 Nd7 23.h5 g5 24.g3 Nc5 25.Rc1 fxg3 26.fxg3 Rf3 27.Rg1 Re3+ 28.Kf2
Rxe4 29.Bg2 Rf8+ 30.Bf3 g4 31.Rc3 Rxf3+ 32.Rxf3 gxf3 33.Kxf3 Ra4 34.Rg2 Rb4
0-1

[Event "Tournoi ouvert de Gatineau (Section -1500)"]
[Site "Gatineau"]
[Date "2014.03.02"]
[Round "5"]
[White "Tsypin,Allison"]
[Black "Ethier,Valori"]
[Result "1-0"]
[BlackElo "1376"]
[WhiteElo "1300"]

{B15: Caro-Kann: 3 Nc3: 3...g6 and 3...dxe4 4 Nxe4 Nf6 5 Nxf6+ exf6} 1. e4 c6
2. d4 d5 3. Nc3 dxe4 4. Nxe4 Nf6 5. Nxf6+ exf6 6. Nf3 Bd6 7. Bd3 O-O 8. Be3 Re8
9. O-O {White castles and improves king safety} (9. Qd2 Be6 10. O-O Nd7 11. Nh4
Nb6 12. Nf5 Bxf5 13. Bxf5 g6 14. Bg4 Qc7 15. g3 Nc4 16. Qe2 Nxe3 17. fxe3 f5
18. Bf3 Re7 19. Rae1 Rae8 20. Qf2 Re6 21. Re2 Bf8 22. Rfe1 Bh6 23. e4 fxe4 {
Abdulghafour,Y (2120)-Irwanto,S (2310)/Genting Highlands 1998/CBM 063 ext/1/
2-1/2 (45)}) 9... Bg4 $146 {Diagram #} (9... Qc7 10. h3 Nd7 11. Re1 Nf8 12. c3
Ng6 13. Qc2 Be6 14. Rac1 Bd5 15. Nd2 Bh2+ 16. Kh1 Nh4 17. Be4 Rxe4 18. Nxe4
Nxg2 19. Kxg2 f5 20. f3 fxe4 21. fxe4 Qg3+ 22. Kh1 Qxh3 23. Qxh2 Bxe4+ 24. Kg1
{Khalilov,S-Mkrtchian,A (2101)/Kislovodsk 2010/EXT 2013/1-0 (33)}) 10. h3 Bxf3
11. Qxf3 {White has the pair of bishops} ({Inferior is} 11. gxf3 Qd7 12. Kg2
Na6 $11) 11... Qc7 (11... g6 $5 $14 {is worth consideration}) 12. Qf5 $16 g6
13. Qxf6 Nd7 14. Qf3 Re6 15. Bg5 Rae8 $2 (15... Qa5 $142 16. Bc1 Nf6 $16) 16.
Bc4 $18 Nf8 17. Bxe6 Nxe6 18. Rae1 Nxg5 $4 {an oversight. But Black was lost
anyway.} (18... Qa5 19. Bf6 Rf8 $18) 19. Rxe8+ Kg7 20. Qc3 Ne6 21. d5+ (21. Rd1
$142 $5 {might be the shorter path} c5 22. dxc5+ Be5 $18) 21... Be5 22. Qc4 (
22. dxe6 $6 {is easily refuted} Bxc3 23. bxc3 fxe6 24. Rxe6 Kf7 $18) 22... Qd7
23. Ra8 b5 (23... cxd5 24. Rd1 Nc7 (24... dxc4 $4 {Black will regret his greed}
25. Rxd7 Bxb2 26. Rxa7 $18) 25. Rxa7 Qd6 $18 (25... dxc4 {again Black cannot
control his thirst for material} 26. Rxd7 Ne8 27. Rdxb7 $18)) 24. Qxc6 (24.
dxe6 $142 {keeps an even firmer grip} Qd6 (24... bxc4 $4 {a tasty morsel with
a slight problem...} 25. exd7 Bc7 26. d8=Q Bxd8 27. Rxd8 $18) 25. Qe4 Qxe6 $18)
24... Qe7 (24... Qxc6 {doesn't get the bull off the ice} 25. dxc6 Bd4 26. Rd1
$18) 25. dxe6 Qb4 26. e7 (26. Rxa7 Kh6 27. e7 Qd4 28. e8=Q Qf4 29. Qf8+ Bg7 30.
Rxf7 Bxf8 31. Rxf4 Be7 32. Qd7 Bg5 33. Rf7 Bf4 34. Rxh7+ (34. Rxf4 $143 Kg5 35.
Qd4 Kh5 36. Rh4+ Kg5 37. Qf4#) 34... Kg5 35. Qe7+ Kf5 36. Rf7#) 26... Qxe7 $18
27. Re8 Qg5 28. Rxe5 $1 {it's all over} Qxe5 29. Qc3 1-0